000
00197 a2200097 4500
001
4483
100
_a
Cotton
245
_a
Applied electricity
260
_a
_b
cleaver-Hume
_c
090
_c
3681
_d
3681
942
_a
NUST-CAE
_c
M
_c
29791
999
_c
239556
_d
239556